HP B5 C20 - Statistics

General Stats
  • This quiz has been taken 3 times
  • The average score is 31 of 62
Answer Stats
Term Answer % Correct
Ombligo Bellybutton
100%
Coagular Coagulate
100%
Cumplido Compliment
100%
Obsequio Gift
100%
Cerradura Lock
100%
Columpiar Swing
100%
Antihigiénico Unhygienic
100%
Extinguirse Become Extinct
50%
Cerrojo Bolt
50%
Cardenal Bruise
50%
Magullar Bruise
50%
Topar Bump Into
50%
Parsimonia Calmness
50%
Reñir Chew Out
50%
Resquicio Chink
50%
Sensatez Common Sense
50%
Rechistar Complain
50%
Conciliador Conciliatory
50%
Esquinazo Corner
50%
Prescindir Do Without
50%
Orejera Earflap
50%
Exterminio Extermination
50%
Surco Furrow
50%
Dar Esquinazo Give The Slip
50%
Risotada Guffaw
50%
Yelmo Helm
50%
Hondonada Hollow
50%
Tonificante Invigorating
50%
Como Si Tal Cosa Just Like That
50%
Alud Landslide
50%
Tardanza Lateness
50%
Vago Lazy
50%
Languidez Listlessness
50%
Secuaz Minion
50%
Percance Mishap
50%
Alpinismo Mountaineering
50%
Chucho Mutt
50%
Entrometido Nosy
50%
Manada Pack
50%
Papilla Puré
50%
Replantear Raise Again
50%
Replantearse Reconsider
50%
Embelesamiento Reverie
50%
Malherido Seriously Injured
50%
Fisgonear Snoop
50%
Enclave Spot
50%
Exprimir Squeeze
50%
Súbito Sudden
50%
Cumbre Summit
50%
Hinchado Swollen
50%
Enmarañado Tangled
50%
Tribu Tribe
50%
Poner Pies En Polvorosa Turn Tail And Run
50%
Neumático Tyre
50%
Con Tal De Que As Long As
0%
Remate Auction
0%
Apalear Beat
0%
Cortar Por Lo Sano Cut To The Chase
0%
Greñudo Dishevelled
0%
Barranco Gully
0%
Resuello Wheeze
0%
Gañido Yelp
0%
No matching quizzes found
Score Distribution
Percent of People with Each Score
Percentile by Number Answered
Your Score History
You have not taken this quiz